| 000 | 00555nam a22001937a 4500 | ||
|---|---|---|---|
| 999 |
_c188095 _d188095 |
||
| 005 | 20220510114233.0 | ||
| 010 | _aENG-132576 | ||
| 020 |
_a9789385606199 _c375.00 |
||
| 035 | _aEN-116108 | ||
| 037 | _bDBAD/PUB | ||
| 082 |
_a880 _b1 |
||
| 100 | _aSrilata, K | ||
| 245 |
_aLifescapes/ _cK.Srilata |
||
| 260 |
_aNew Delhi _bWomen Unlimited _c2019 |
||
| 270 |
_a7/10, FF, Sarvapriya Vihar _bNew Delhi _e110016 _mwww.womenunlimited.net |
||
| 300 |
_axx,210p _c22cm(pbk) |
||
| 700 | _aSwarnalatha Rangarajan | ||
| 942 |
_2ddc _cEN _h880 _mSRI |
||